| 000 | 00321nam a22001217a 4500 | ||
|---|---|---|---|
| 008 | 230626b xxu||||| |||| 00| 0 eng d | ||
| 082 |
_a332 _bANN |
||
| 100 | _cPaul Anning, Emily Reid and Heather Rowe | ||
| 245 |
_aE-Finance : _bLaw and Regulation |
||
| 260 |
_aUK _bReed Elsevier _c2003 |
||
| 300 | _a509p | ||
| 942 |
_2ddc _cBK |
||
| 999 |
_c2655 _d2655 |
||